Kluby piłkarskie z największą ilością wygranych w CL - Statystyki

Ogólne statystyki
  • Ten quiz został rozwiązany 491 razy
  • Średni wynik to 8 z 12
Statystyki odpowiedzi
Hint Odpowiedź % Poprawnych
13 Real Madryt
98%
5 F.C Barcelona
96%
7 A.C Milan
82%
5 Bayern Monachium
81%
3 Manchester United
79%
6 Liverpool F.C
67%
2 Nottingham Forest F.C
57%
3 Inter Mediolan
52%
4 A.F.C Ajax
48%
2 FC Porto
36%
2 Juventus Turyn
32%
2 SL Benfica
28%
Nie znaleziono quizów pasujących do podanych kryteriów
Rozkład punktacji
Procent ludzi z każdym wynikiem
Percentyl według liczby udzielonych odpowiedzi
Twoja historia wyników
Nie rozwiązałeś tego quizu